00459nam a22001457a 4500003000400000005001700004008004100021040000900062082002000071100002500091245009700116260004600213300001000259650004400269OSt20220401084503.0220401b |||||||| |||| 00| 0 eng d cSBCL a547.072 bWEI-T aWeissberger, Arnold  aTechniques of Organic Chemistry Vol IIbCatalytic, Photochemical And Electrolytic Reactions  aNew York bInterscience Publishers c1956 a543p. 2Science aChemistry vOrganic Chemistry